[Event "Stuttgarter Stadtmeisterschaft A"]
[Site "Ditzingen"]
[Date "2015.05.14"]
[Round "2.39"]
[White "Issaad, Pascal"]
[Black "Boyens, Birger"]
[Result "1-0"]
[WhiteElo "1845"]
[BlackElo "1997"]
[PlyCount "91"]
[EventDate "2015.??.??"]
[WhiteTeam "SV Stuttgart-Wolfbusch"]
[BlackTeam "Husumer SV"]

1. c4 f5 2. Nf3 Nf6 3. d4 e6 4. g3 c6 5. Bg2 d5 6. O-O Bd6 7. b3 O-O 8. Ba3
Bxa3 9. Nxa3 Nbd7 10. b4 Ne4 11. Qb3 Ndf6 12. Rac1 Qe8 13. b5 Qh5 14. bxc6 bxc6
15. Qa4 Bd7 16. Ne5 Ng4 17. Nxg4 fxg4 18. Bxe4 dxe4 19. Qc2 Qf5 20. e3 Rf6 21.
Rb1 Rh6 22. Rb7 Be8 23. Rfb1 Qa5 24. R1b3 Qe1+ 25. Kg2 Rf6 26. c5 Bg6 27. Rb1
Qa5 28. Nc4 Qd8 29. Ne5 Qd5 30. Rd7 h5 31. Rxd5 exd5 32. Rb7 h4 33. gxh4 Bh5
34. Qb2 Rff8 35. Nxc6 Rae8 36. Rb8 Rxb8 37. Nxb8 g3 38. hxg3 Bf3+ 39. Kh3 g5
40. hxg5 Rf7 41. g4 Rh7+ 42. Kg3 Rh1 43. Qb7 Rg1+ 44. Kf4 Rxg4+ 45. Kf5 Rh4 46.
Kf6 1-0

[Event "Stuttgarter Stadtmeisterschaft A"]
[Site "Ditzingen"]
[Date "2015.05.14"]
[Round "2.40"]
[White "Schuster, Gerhard"]
[Black "Wimmer, Thomas"]
[Result "1-0"]
[WhiteElo "1997"]
[BlackElo "1918"]
[PlyCount "49"]
[EventDate "2015.??.??"]
[WhiteTeam "SC Feuerbach"]
[BlackTeam "SK Marburg"]

1. e4 c5 2. Nf3 e6 3. c3 d5 4. exd5 Qxd5 5. d4 Nf6 6. Na3 a6 7. Nc4 Nbd7 8. Be2
Be7 9. O-O O-O 10. Nfe5 Nxe5 11. dxe5 Nd7 12. Qc2 Qc6 13. Bf3 Qc7 14. Bf4 Rb8
15. Rad1 b5 16. Nd6 Rb6 17. Nxc8 Rxc8 18. Rfe1 c4 19. Be4 g6 20. Re3 Nc5 21. h4
Nxe4 22. Qxe4 Rd8 23. Rde1 Bxh4 24. Rh3 Qe7 25. Be3 1-0

[Event "Stuttgarter Stadtmeisterschaft A"]
[Site "Ditzingen"]
[Date "2015.05.14"]
[Round "2.41"]
[White "Engelhardt, Frank"]
[Black "Klaus, Dominik"]
[Result "0-1"]
[WhiteElo "1819"]
[BlackElo "1991"]
[PlyCount "86"]
[EventDate "2015.??.??"]
[WhiteTeam "SC Botnang"]
[BlackTeam "Ssg Fils-Lauter"]

1. d4 Nf6 2. Nf3 g6 3. Bf4 Bg7 4. e3 O-O 5. h3 d5 6. c4 c5 7. Nc3 Nc6 8. Rc1
Qa5 9. a3 cxd4 10. exd4 Ne4 11. cxd5 Nxc3 12. Rxc3 Qxd5 13. Bc4 Qe4+ 14. Be3 e5
15. d5 Nd4 16. Kf1 Nxf3 17. gxf3 Qh4 18. Ke1 e4 19. Rb3 exf3 20. Bd3 b6 21.
Qxf3 Bb7 22. Rb4 Qe7 23. Qe4 Qd6 24. Bc4 Rfe8 25. Qf3 Rad8 26. Ke2 Bxd5 27.
Bxd5 Qxd5 28. Qxd5 Rxd5 29. Rc1 Rd7 30. Rc2 f5 31. Kf3 Kf7 32. a4 Re5 33. b3
Red5 34. Rbc4 Rd3 35. Rc7 Be5 36. Rxd7+ Rxd7 37. Rc4 Rd3 38. b4 Ra3 39. b5 f4
40. Ke4 fxe3 41. Kxe5 exf2 42. Rf4+ Kg7 43. Rxf2 Rxh3 0-1

[Event "Stuttgarter Stadtmeisterschaft A"]
[Site "Ditzingen"]
[Date "2015.05.14"]
[Round "2.42"]
[White "Unger, Franz"]
[Black "Schmidt, Markus"]
[Result "1-0"]
[WhiteElo "1985"]
[BlackElo "1871"]
[PlyCount "67"]
[EventDate "2015.??.??"]
[WhiteTeam "SK Sachsenheim"]
[BlackTeam "Stuttgarter SF"]

1. e4 d6 2. d4 Nf6 3. Nc3 g6 4. Be3 Bg7 5. Qd2 Ng4 6. Bg5 h6 7. Bh4 g5 8. Bg3
e5 9. d5 Nd7 10. Bb5 a6 11. Bxd7+ Bxd7 12. f3 Nf6 13. O-O-O Nh5 14. Bf2 Qf6 15.
h3 Qg6 16. Nge2 O-O-O 17. Qe3 b6 18. g3 Bf6 19. a4 Bxh3 20. g4 Nf4 21. Nxf4
exf4 22. Qd3 Bg2 23. Rh2 Bxf3 24. Qxf3 Kd7 25. Bd4 Bxd4 26. Rxd4 Rdg8 27. Rd1
b5 28. axb5 axb5 29. Nxb5 Rb8 30. Qc3 Rhc8 31. Nd4 Qxe4 32. Qc6+ Kd8 33. Re2
Rb6 34. Rxe4 1-0

[Event "Stuttgarter Stadtmeisterschaft A"]
[Site "Ditzingen"]
[Date "2015.05.15"]
[Round "3.1"]
[White "Ikonnikov, Vyacheslav"]
[Black "Bilchinski, Anton"]
[Result "1/2-1/2"]
[WhiteElo "2560"]
[BlackElo "2252"]
[PlyCount "106"]
[EventDate "2015.??.??"]
[WhiteTeam "SF Bad Mergentheim"]
[BlackTeam "SK Göggingen"]

1. d4 Nf6 2. Nf3 e6 3. c4 b6 4. g3 Ba6 5. b3 b5 6. cxb5 Bxb5 7. Bg2 d5 8. Nc3
Ba6 9. Ne5 c6 10. O-O Nbd7 11. Nd3 Be7 12. Bb2 O-O 13. Rc1 Rc8 14. Na4 Bb5 15.
Nac5 Bxd3 16. Nxd3 c5 17. dxc5 Nxc5 18. Nxc5 Bxc5 19. Qd3 Qd6 20. Rc2 Rc7 21.
Rfc1 Rfc8 22. e3 Bb6 23. a3 Rxc2 24. Rxc2 Rxc2 25. Qxc2 Qc7 26. Qd3 h6 27. h3
Bc5 28. b4 Bd6 29. Qc3 Qxc3 30. Bxc3 Kf8 31. Bd4 Bb8 32. Bf1 Nd7 33. Bb5 e5 34.
Bb2 Ke7 35. f4 f6 36. f5 Nb6 37. Kf2 Nc8 38. g4 Nd6 39. Bc6 Ne4+ 40. Ke2 Kd6
41. Bb7 Ng5 42. h4 Ne4 43. h5 Bc7 44. a4 a5 45. bxa5 Bxa5 46. Ba3+ Nc5 47. Ba6
Bc3 48. Bb5 Ba5 49. Kd1 Bc3 50. Kc1 Be1 51. Kc2 Ba5 52. Kd1 Bc3 53. Kc2 Ba5
1/2-1/2

[Event "Stuttgarter Stadtmeisterschaft A"]
[Site "Ditzingen"]
[Date "2015.05.15"]
[Round "3.2"]
[White "Karpatschev, Aleksandr"]
[Black "Gretz, Denis"]
[Result "1-0"]
[WhiteElo "2466"]
[BlackElo "2241"]
[PlyCount "65"]
[EventDate "2015.??.??"]
[WhiteTeam "SF Bad Mergentheim"]
[BlackTeam "SK Königsbrunn"]

1. e4 c5 2. c3 Nf6 3. e5 Nd5 4. Nf3 Nc6 5. Bc4 Nb6 6. Bb3 d5 7. exd6 Qxd6 8.
O-O Be6 9. Bc2 g6 10. d3 Bg7 11. Nbd2 Ne5 12. Nxe5 Bxe5 13. Ne4 Qc7 14. f4 Bg7
15. Be3 Nd5 16. Ba4+ Bd7 17. Bxd7+ Qxd7 18. Bxc5 b6 19. Bf2 O-O 20. g3 f5 21.
Ng5 e5 22. fxe5 Bxe5 23. Qb3 f4 24. Rae1 Rae8 25. Re4 fxg3 26. hxg3 Rf5 27.
Rfe1 Rxg5 28. d4 Bxg3 29. Rxe8+ Kg7 30. Bxg3 Rxg3+ 31. Kf2 Qg4 32. Qxd5 Qf4+
33. Ke2 1-0

[Event "Stuttgarter Stadtmeisterschaft A"]
[Site "Ditzingen"]
[Date "2015.05.15"]
[Round "3.3"]
[White "Latzke, Boris Alexander"]
[Black "Belezky, Alexander"]
[Result "0-1"]
[WhiteElo "2265"]
[BlackElo "2453"]
[PlyCount "78"]
[EventDate "2015.??.??"]
[WhiteTeam "SK Bebenhausen"]
[BlackTeam "FC Bayern München"]

1. d4 f5 2. Nc3 d5 3. Bg5 g6 4. e3 Nh6 5. Nf3 Nf7 6. Bf4 c6 7. h4 Bg7 8. h5 Nd7
9. hxg6 hxg6 10. Rxh8+ Bxh8 11. Qd2 e5 12. dxe5 Ndxe5 13. Nxe5 Nxe5 14. O-O-O
Qa5 15. Kb1 Be6 16. Bg5 Nf7 17. Bf4 O-O-O 18. Ne2 Qb6 19. c3 c5 20. Nc1 Nd6 21.
Bxd6 Qxd6 22. Be2 Bf6 23. Bf3 g5 24. g3 Kb8 25. Rh1 Qe7 26. Qc2 d4 27. exd4
cxd4 28. cxd4 Rxd4 29. Ne2 Rb4 30. Nc3 Qc5 31. Rc1 Qa5 32. b3 Qe5 33. Qd1 Rd4
34. Qe2 Rd8 35. Bg2 Rc8 36. Qd3 Rxc3 37. Rxc3 Qxc3 38. Qd6+ Ka8 39. Qf8+ Bc8
0-1

[Event "Stuttgarter Stadtmeisterschaft A"]
[Site "Ditzingen"]
[Date "2015.05.15"]
[Round "3.4"]
[White "Lorscheid, Gerhard"]
[Black "Gutman, Lev"]
[Result "1/2-1/2"]
[WhiteElo "2237"]
[BlackElo "2438"]
[PlyCount "141"]
[EventDate "2015.??.??"]
[WhiteTeam "Stuttgarter SF"]
[BlackTeam "SV Lingen"]

1. d4 Nf6 2. c4 g6 3. Nc3 Bg7 4. Bg5 O-O 5. e3 d6 6. Be2 c6 7. Nf3 Bg4 8. Nd2
Bxe2 9. Qxe2 Nbd7 10. O-O Qa5 11. Bh4 Rfe8 12. a3 Rac8 13. Rfd1 d5 14. Bxf6
Nxf6 15. cxd5 Nxd5 16. Rac1 Red8 17. Nce4 e5 18. Nc4 Qc7 19. dxe5 Bxe5 20. Nxe5
Qxe5 21. Nc3 Nb6 22. f4 Qe7 23. h3 f5 24. e4 fxe4 25. Qxe4 Qc5+ 26. Kh2 Re8 27.
Qd4 Qf5 28. Re1 Rcd8 29. Rxe8+ Rxe8 30. Rf1 h5 31. Rf3 Kf7 32. b4 Qf6 33. Qd3
Qf5 34. Qd4 Qf6 35. Qc5 Qe7 36. Qf2 Qe1 37. Qd4 Qe7 38. Qf2 Nc8 39. f5 Qe5+ 40.
Kg1 g5 41. Rd3 Kf6 42. g4 hxg4 43. hxg4 Nd6 44. Qd4 Qxd4+ 45. Rxd4 Ke5 46. Rd1
Rh8 47. Kg2 Nc4 48. Kg3 Nxa3 49. Rd7 Rh1 50. Rxb7 Rg1+ 51. Kf3 Rf1+ 52. Kg3 Nc2
53. Re7+ Kd6 54. Re6+ Kd7 55. Ne4 Rg1+ 56. Kh3 Nxb4 57. Kh2 Ra1 58. Nxg5 Nd5
59. f6 Rf1 60. Re2 Nxf6 61. Ra2 Nxg4+ 62. Kg3 Nf6 63. Rxa7+ Kd6 64. Kg2 Rb1 65.
Kf3 Kd5 66. Rf7 c5 67. Ke2 Rb6 68. Kd2 c4 69. Kc2 Ra6 70. Rf8 Ra2+ 71. Kc3
1/2-1/2

[Event "Stuttgarter Stadtmeisterschaft A"]
[Site "Ditzingen"]
[Date "2015.05.15"]
[Round "3.5"]
[White "Aring, Gerd"]
[Black "Kabisch, Thilo"]
[Result "0-1"]
[WhiteElo "2209"]
[BlackElo "2298"]
[PlyCount "104"]
[EventDate "2015.??.??"]
[WhiteTeam "SV Nürtingen"]
[BlackTeam "SK Schmiden/Cannstatt"]

1. Nf3 d6 2. d4 Nf6 3. g3 Nc6 4. Bg2 Bg4 5. O-O e5 6. dxe5 dxe5 7. c3 Qd7 8.
Qxd7+ Nxd7 9. h3 Bh5 10. g4 Bg6 11. Nh4 Be7 12. Nxg6 hxg6 13. Bxc6 bxc6 14. Kg2
O-O-O 15. Nd2 f5 16. f3 Nb6 17. Nb3 Nc4 18. gxf5 gxf5 19. f4 g5 20. fxe5 f4 21.
e3 fxe3 22. Nd4 g4 23. Nxc6 gxh3+ 24. Kh1 Bh4 25. Bxe3 Nxe3 26. Nxd8 Nxf1 27.
Nf7 Ng3+ 28. Kh2 Rh7 29. e6 Ne2 30. Kxh3 Nf4+ 31. Kg4 Nxe6 32. Ne5 Bf2 33. Rf1
Bc5 34. Rf6 Nd8 35. Nd3 Be7 36. Rf5 Rh2 37. Kf3 Nc6 38. a4 Rh3+ 39. Ke4 a5 40.
Rb5 Bd6 41. b3 Kd7 42. Rg5 Rh4+ 43. Ke3 Ke6 44. Rg2 Ne5 45. Nf4+ Kf5 46. Ne2
Rh3+ 47. Kd2 c5 48. Ng1 Nf3+ 49. Nxf3 Rxf3 50. Rg8 Ke4 51. Ra8 Be5 52. Re8 Rd3+
0-1

[Event "Stuttgarter Stadtmeisterschaft A"]
[Site "Ditzingen"]
[Date "2015.05.15"]
[Round "3.6"]
[White "Pitschka, Claus"]
[Black "Piskur, Mitja"]
[Result "1/2-1/2"]
[WhiteElo "2208"]
[BlackElo "2272"]
[PlyCount "99"]
[EventDate "2015.??.??"]
[WhiteTeam "SC Garching"]

1. d4 f5 2. Nc3 d5 3. Bf4 a6 4. e3 Nf6 5. Be2 e6 6. Nf3 c5 7. O-O Nc6 8. Ne5
Nxe5 9. Bxe5 Bd6 10. Bxd6 Qxd6 11. dxc5 Qxc5 12. Qd4 Qxd4 13. exd4 Bd7 14. Bd3
Ke7 15. Rfe1 Kd6 16. Ne2 g5 17. Rad1 Rac8 18. c3 Rhg8 19. f3 Rg7 20. Kf2 Rf8
21. Nc1 g4 22. Bf1 Nh5 23. Nd3 Rf6 24. Ne5 Bb5 25. Bxb5 axb5 26. Ke3 Ke7 27.
fxg4 fxg4 28. Rf1 Rg5 29. g3 Rxf1 30. Rxf1 Nf6 31. Rf4 Rh5 32. a3 Rg5 33. Kd3
h5 34. Kc2 Rf5 35. Nd3 Rxf4 36. Nxf4 Kd6 37. Kb3 e5 38. dxe5+ Kxe5 39. Kb4 Ke4
40. Kxb5 h4 41. Kb6 Kf3 42. Kxb7 Ne4 43. Ng6 h3 44. Ne5+ Kg2 45. Nxg4 Nf6 46.
Nxf6 Kxh2 47. Ng4+ Kxg3 48. Ne3 Kf2 49. Ng4+ Kg3 50. Ne3 1/2-1/2

[Event "Stuttgarter Stadtmeisterschaft A"]
[Site "Ditzingen"]
[Date "2015.05.15"]
[Round "3.7"]
[White "Denisow, Jewgeny"]
[Black "Bosiocic, Marin"]
[Result "0-1"]
[WhiteElo "2170"]
[BlackElo "2563"]
[PlyCount "76"]
[EventDate "2015.??.??"]
[WhiteTeam "SG Schwäbisch Gmünd"]
[BlackTeam "TSV Schönaich"]

1. e4 g6 2. h4 h6 3. Bc4 d6 4. d4 Bg7 5. f4 h5 6. Nf3 Nh6 7. Nc3 Bg4 8. Qd3 c6
9. Be3 O-O 10. O-O-O b5 11. Bb3 a5 12. a4 d5 13. axb5 a4 14. Ba2 a3 15. Bb3
dxe4 16. Nxe4 cxb5 17. Nc3 b4 18. Ne2 Bf5 19. Qb5 Ng4 20. Kd2 axb2 21. Qxb4 Nc6
22. Qc3 Na5 23. Qxb2 Rb8 24. Qa3 Nxb3+ 25. cxb3 Qd5 26. Nc3 Qxb3 27. Qxb3 Rxb3
28. Nd5 Be4 29. Nxe7+ Kh8 30. Rhe1 Rb2+ 31. Kc3 Rc2+ 32. Kb3 Rb8+ 33. Ka3 Bf8
34. d5 Bxe7+ 35. d6 Rc6 36. Bb6 Rcxb6 37. Rxe4 Bxd6+ 38. Ka2 Ra6+ 0-1

[Event "Stuttgarter Stadtmeisterschaft A"]
[Site "Ditzingen"]
[Date "2015.05.15"]
[Round "3.8"]
[White "Höglauer, Patrick"]
[Black "Dgebuadze, Alexandre"]
[Result "0-1"]
[WhiteElo "2079"]
[BlackElo "2490"]
[PlyCount "38"]
[EventDate "2015.??.??"]
[WhiteTeam "SV Backnang"]

1. d4 Nf6 2. c4 e6 3. Nf3 Bb4+ 4. Nbd2 b6 5. e3 Bxd2+ 6. Qxd2 Bb7 7. a3 O-O 8.
b4 Ne4 9. Qc2 a5 10. Bd3 f5 11. b5 d6 12. O-O Nd7 13. Nd2 Qh4 14. f3 Ng5 15.
Bb2 Rf6 16. g3 Qh5 17. e4 fxe4 18. fxe4 Rh6 19. h4 Qg4 0-1

[Event "Stuttgarter Stadtmeisterschaft A"]
[Site "Ditzingen"]
[Date "2015.05.15"]
[Round "3.9"]
[White "Krassowizkij, Jaroslaw"]
[Black "Bräuner, Uwe"]
[Result "1-0"]
[WhiteElo "2436"]
[BlackElo "2185"]
[PlyCount "47"]
[EventDate "2015.??.??"]
[WhiteTeam "SV Jedesheim"]
[BlackTeam "SF Pfullingen"]

1. d4 Nf6 2. c4 e6 3. Nc3 d5 4. Nf3 Nbd7 5. Bg5 Be7 6. e3 O-O 7. Qc2 c6 8. cxd5
exd5 9. Bd3 h6 10. Bh4 Nh5 11. Bxe7 Qxe7 12. O-O-O Nhf6 13. Nh4 Nb6 14. Rhe1
Re8 15. f3 Ne4 16. g3 Nxc3 17. Qxc3 g5 18. Nf5 Bxf5 19. Bxf5 Qf6 20. e4 Nc4 21.
g4 b5 22. b3 Nb6 23. e5 Qe7 24. Kb1 1-0

[Event "Stuttgarter Stadtmeisterschaft A"]
[Site "Ditzingen"]
[Date "2015.05.15"]
[Round "3.10"]
[White "Niklasch, Oliver"]
[Black "Bergner, Philipp"]
[Result "1-0"]
[WhiteElo "2325"]
[BlackElo "2149"]
[PlyCount "81"]
[EventDate "2015.??.??"]
[WhiteTeam "SK Schmiden/Cannstatt"]
[BlackTeam "SK Bebenhausen"]

1. g3 Nf6 2. Bg2 d5 3. Nf3 Nc6 4. c4 d4 5. O-O e5 6. d3 Be7 7. e3 O-O 8. exd4
exd4 9. Na3 Bg4 10. h3 Bf5 11. Nc2 Qd7 12. Kh2 Rad8 13. a3 a5 14. Bf4 a4 15.
Rb1 h6 16. Re1 Bd6 17. Bxd6 Qxd6 18. b4 axb3 19. Rxb3 b6 20. Rb5 Bh7 21. Nh4
Rfe8 22. Rxe8+ Rxe8 23. Bxc6 Qxc6 24. Nxd4 Qd6 25. Nhf5 Qxa3 26. Qf3 Qc1 27.
Nc6 Bxf5 28. Rxf5 Qf1 29. Ne5 Qa1 30. Qf4 g5 31. Qf3 Rxe5 32. Rxf6 g4 33. Qxg4+
Rg5 34. Qf3 Rg7 35. Rxh6 Rg6 36. Rxg6+ fxg6 37. Qd5+ Kg7 38. Qd7+ Kh6 39. Qxc7
Qe1 40. Qxb6 Qf1 41. Qe3+ 1-0

[Event "Stuttgarter Stadtmeisterschaft A"]
[Site "Ditzingen"]
[Date "2015.05.15"]
[Round "3.11"]
[White "Bergauz, Noam"]
[Black "Weber, Klaus"]
[Result "1-0"]
[WhiteElo "2296"]
[BlackElo "2113"]
[PlyCount "24"]
[EventDate "2015.??.??"]
[WhiteTeam "SK München Südost"]
[BlackTeam "SV Tübingen"]

1. e4 c5 2. Nf3 Nf6 3. Nc3 Nc6 4. d4 cxd4 5. Nxd4 e6 6. Ndb5 a6 7. Nd6+ Bxd6 8.
Qxd6 b5 9. f3 Bb7 10. e5 Ng8 11. a4 b4 12. Ne4 f6 1-0

[Event "Stuttgarter Stadtmeisterschaft A"]
[Site "Ditzingen"]
[Date "2015.05.15"]
[Round "3.13"]
[White "Imhof, Thomas"]
[Black "Gibicar, Danijel"]
[Result "0-1"]
[WhiteElo "1938"]
[BlackElo "2233"]
[PlyCount "79"]
[EventDate "2015.??.??"]
[WhiteTeam "SGem Vaihingen-Rohr"]
[BlackTeam "SK Bebenhausen"]

1. e4 e6 2. d4 d5 3. e5 c5 4. c3 Nc6 5. Nf3 Nh6 6. Bxh6 gxh6 7. g3 cxd4 8. cxd4
Bg7 9. Bg2 O-O 10. O-O f6 11. Re1 fxe5 12. Nxe5 Qb6 13. Qd2 Qxd4 14. Nd3 Bd7
15. Nc3 Nb4 16. Rad1 Nxd3 17. Qxd3 Qxd3 18. Rxd3 Rad8 19. f4 b5 20. f5 Rxf5 21.
Bh3 Rf6 22. Red1 Bc6 23. Ne2 e5 24. Re3 Re8 25. Rc3 Ba8 26. Bd7 Rd8 27. Bxb5 d4
28. Rc7 a6 29. Bc4+ Bd5 30. Bxd5+ Rxd5 31. Nc3 Rd8 32. Ne4 Rf7 33. Rxf7 Kxf7
34. Rd3 Kg6 35. Kg2 Rc8 36. Kf3 h5 37. Rd2 Bh6 38. Re2 d3 39. Rf2 Rc2 40. h4
0-1

[Event "Stuttgarter Stadtmeisterschaft A"]
[Site "Ditzingen"]
[Date "2015.05.15"]
[Round "3.14"]
[White "Cofman, Veaceslav"]
[Black "Ruff, Robert"]
[Result "1-0"]
[WhiteElo "2145"]
[BlackElo "1821"]
[PlyCount "83"]
[EventDate "2015.??.??"]
[WhiteTeam "Karlsruher SF"]
[BlackTeam "SK Sachsenheim"]

1. d4 d5 2. c4 e6 3. Nc3 Nf6 4. Bg5 c6 5. e3 Nbd7 6. Bd3 Be7 7. Nge2 O-O 8. O-O
Ne8 9. Bf4 dxc4 10. Bxc4 Nb6 11. Bd3 Nd5 12. Bg3 Bg5 13. Qd2 f5 14. Be5 Nd6 15.
f4 Bh6 16. Rac1 Nf7 17. Nxd5 exd5 18. Qb4 g5 19. a4 Bg7 20. a5 a6 21. Qc5 Re8
22. Ra1 Bf8 23. Qc2 Nh6 24. fxg5 Ng4 25. Bxf5 Nxe5 26. Bxh7+ Kh8 27. dxe5 Qxg5
28. Nf4 Bg4 29. Bd3 Kg7 30. e6 Bd6 31. Qf2 Re7 32. Qg3 Kh6 33. Ra4 Rg8 34. h3
Bxe6 35. Qxg5+ Rxg5 36. Nxe6 Rxe6 37. Rf7 Kh5 38. Rh7+ Rh6 39. g4+ Kh4 40.
Rxh6+ Kg3 41. Rxd6 Kxh3 42. Kf2 1-0

[Event "Stuttgarter Stadtmeisterschaft A"]
[Site "Ditzingen"]
[Date "2015.05.15"]
[Round "3.15"]
[White "Jurasin, Marin"]
[Black "Braun, Joachim"]
[Result "0-1"]
[WhiteElo "2021"]
[BlackElo "2177"]
[PlyCount "74"]
[EventDate "2015.??.??"]
[WhiteTeam "SG Schönbuch"]
[BlackTeam "SF Birkenfeld"]

1. Nf3 d5 2. c4 d4 3. e3 Nc6 4. exd4 Nxd4 5. Nxd4 Qxd4 6. d3 e5 7. Nc3 Bc5 8.
Be3 Qd6 9. Bxc5 Qxc5 10. Be2 Nf6 11. O-O O-O 12. Ne4 Nxe4 13. dxe4 Be6 14. Qc2
a5 15. Rad1 Rfd8 16. Rxd8+ Rxd8 17. Rd1 Rd4 18. Rxd4 Qxd4 19. Qd3 c5 20. Qxd4
cxd4 21. a3 a4 22. Bd1 Bxc4 23. Bxa4 Kf8 24. f3 Ke7 25. Kf2 Kd6 26. h4 Be6 27.
b4 f6 28. Bb5 Bb3 29. Ke2 Kc7 30. Kd2 Kb6 31. Be2 Ba4 32. Bc4 Bb5 33. Bb3 Bf1
34. g3 Kb5 35. Bf7 Ka4 36. Be8+ Kxa3 37. b5 Kb4 0-1

[Event "Stuttgarter Stadtmeisterschaft A"]
[Site "Ditzingen"]
[Date "2015.05.15"]
[Round "3.16"]
[White "Pelezki, Eugen"]
[Black "Flick, Antoine"]
[Result "1/2-1/2"]
[WhiteElo "2010"]
[BlackElo "2167"]
[PlyCount "118"]
[EventDate "2015.??.??"]
[WhiteTeam "SV Wendlingen"]

1. c4 Nf6 2. Nc3 d5 3. d4 g6 4. g3 dxc4 5. Bg2 Bg7 6. Bf4 O-O 7. Nf3 Nc6 8. O-O
Nh5 9. d5 Nxf4 10. gxf4 Nb4 11. Ne5 e6 12. Qa4 Nxd5 13. Rad1 Qh4 14. e3 c6 15.
Nf3 Qf6 16. Qxc4 Nxc3 17. bxc3 Qxc3 18. Qxc3 Bxc3 19. Rd3 Bb4 20. Ne5 Kg7 21.
Rfd1 Be7 22. Rb3 Bc5 23. Bf3 Bb6 24. Kg2 Bc7 25. Rdb1 Kf6 26. Nd3 Bb6 27. Ne5
Ke7 28. a4 Bc7 29. a5 f6 30. Nc4 a6 31. Nb6 Bxb6 32. Rxb6 Rd8 33. h4 Rd2 34.
Ra1 Rc2 35. h5 Rc5 36. hxg6 hxg6 37. Be4 f5 38. Bd3 Kd6 39. Rb4 Kc7 40. Bc4 Rb8
41. Kg3 Bd7 42. Kh4 Rh8+ 43. Kg5 Rh2 44. Ra2 Rh1 45. Kxg6 Rc1 46. Bd3 R5c3 47.
Bb1 Rd1 48. Kf7 Rc5 49. Rab2 Rb5 50. Ba2 Rd6 51. Bc4 Rxb4 52. Rxb4 c5 53. Rb2
Bc8 54. Ke7 b5 55. axb6+ Rxb6 56. Ra2 Rd6 57. f3 Rd7+ 58. Ke8 Rd6 59. Ke7 Rd7+
1/2-1/2

[Event "Stuttgarter Stadtmeisterschaft A"]
[Site "Ditzingen"]
[Date "2015.05.15"]
[Round "3.17"]
[White "Khadempour, Farhad"]
[Black "Hirtreiter, Pierre"]
[Result "1-0"]
[WhiteElo "2139"]
[BlackElo "2027"]
[PlyCount "95"]
[EventDate "2015.??.??"]
[WhiteTeam "SV Tübingen"]
[BlackTeam "SK München Südost"]

1. Nf3 Nf6 2. c4 d6 3. d4 g6 4. b3 Bg7 5. Bb2 O-O 6. Nc3 Nc6 7. d5 Nb8 8. g3 e6
9. dxe6 Bxe6 10. Bg2 Nc6 11. O-O h6 12. Nd4 Nxd4 13. Qxd4 Nd5 14. Qd2 Nxc3 15.
Bxc3 Bxc3 16. Qxc3 Qc8 17. Rfd1 Kh7 18. Rd4 f5 19. Rad1 Rb8 20. c5 dxc5 21.
Qxc5 b6 22. Qc6 Rf7 23. Rd8 Qxd8 24. Rxd8 Rxd8 25. Qxe6 Rd1+ 26. Bf1 Rfd7 27.
Kg2 a5 28. e4 R1d6 29. Qe5 fxe4 30. Qxe4 Rf7 31. Bc4 Rg7 32. h4 h5 33. a4 Rgd7
34. Qe8 Rg7 35. Qf8 Rc6 36. Kh3 Rc5 37. Be6 Re5 38. Qe8 Rc5 39. f3 Rc3 40. Bd5
Rc5 41. Be4 Rg8 42. Qe6 Rg7 43. g4 hxg4+ 44. fxg4 Rc3+ 45. Kg2 Rc5 46. h5 Kh6
47. Bxg6 Kg5 48. Bf5 1-0

[Event "Stuttgarter Stadtmeisterschaft A"]
[Site "Ditzingen"]
[Date "2015.05.15"]
[Round "3.18"]
[White "Debus, Alfred"]
[Black "Schuster, Gerhard"]
[Result "1-0"]
[WhiteElo "2143"]
[BlackElo "1997"]
[PlyCount "53"]
[EventDate "2015.??.??"]
[WhiteTeam "SK Marburg"]
[BlackTeam "SC Feuerbach"]

1. e4 c6 2. d4 d5 3. exd5 cxd5 4. c4 Nf6 5. Nc3 e6 6. Nf3 Bb4 7. a3 Bxc3+ 8.
bxc3 O-O 9. Bb2 b6 10. Be2 Ba6 11. cxd5 Qxd5 12. O-O Rc8 13. Bxa6 Nxa6 14. Ne5
b5 15. a4 Rab8 16. axb5 Qxb5 17. Ra2 Nc7 18. h3 a5 19. Qa1 Ra8 20. c4 Qb7 21.
Bc3 a4 22. Rxa4 Ne4 23. Rb1 Qxb1+ 24. Qxb1 Nxc3 25. Rxa8 Rxa8 26. Qb7 f6 27.
Nc6 1-0

[Event "Stuttgarter Stadtmeisterschaft A"]
[Site "Ditzingen"]
[Date "2015.05.15"]
[Round "3.19"]
[White "Zikeli, Saskia"]
[Black "Klaus, Dominik"]
[Result "1-0"]
[WhiteElo "2134"]
[BlackElo "1991"]
[PlyCount "59"]
[EventDate "2015.??.??"]
[WhiteTeam "SC Ingersheim"]
[BlackTeam "Ssg Fils-Lauter"]

1. e4 c5 2. Nf3 d6 3. d4 cxd4 4. Nxd4 Nf6 5. Nc3 a6 6. Bg5 Nbd7 7. f4 Qc7 8.
Qf3 b5 9. O-O-O Bb7 10. Bd3 e6 11. Rhe1 Nc5 12. Bxf6 gxf6 13. f5 e5 14. Nb3
O-O-O 15. Bf1 Rg8 16. Nd5 Bxd5 17. Rxd5 Na4 18. Red1 Nb6 19. R5d3 b4 20. Kb1
Kb7 21. c3 Rc8 22. Qe2 Nc4 23. cxb4 Qb6 24. Na5+ Kb8 25. Rb3 d5 26. exd5 Nd6
27. Qxa6 Qxa6 28. Bxa6 Re8 29. Nc6+ Ka8 30. Ra3 1-0

[Event "Stuttgarter Stadtmeisterschaft A"]
[Site "Ditzingen"]
[Date "2015.05.15"]
[Round "3.20"]
[White "Schmidt, Tobias"]
[Black "Unger, Franz"]
[Result "1-0"]
[WhiteElo "2122"]
[BlackElo "1985"]
[PlyCount "77"]
[EventDate "2015.??.??"]
[WhiteTeam "SC Erdmannhausen"]
[BlackTeam "SK Sachsenheim"]

1. e4 e5 2. Nf3 d6 3. d4 exd4 4. Nxd4 Nf6 5. Nc3 Be7 6. Bf4 Nc6 7. Qd2 O-O 8.
O-O-O Re8 9. f3 Ne5 10. Be2 a6 11. g4 b5 12. g5 Nh5 13. Be3 Nc4 14. Bxc4 bxc4
15. Nc6 Qd7 16. Qd5 Bf8 17. Qxc4 a5 18. Nd4 Ba6 19. Qc6 Qxc6 20. Nxc6 Bb7 21.
Nd4 g6 22. Nde2 c6 23. Ng3 Ng7 24. Bd4 Ne6 25. Bf6 h6 26. h4 h5 27. Rhe1 Nf4
28. Nge2 Ne6 29. Na4 Ba6 30. Nd4 Rac8 31. Nb3 Ra8 32. Bc3 Bb5 33. Nb6 Ra7 34.
a4 Ba6 35. Nxa5 Nf4 36. Nxc6 Rb7 37. Nd5 Ne2+ 38. Rxe2 Bxe2 39. Nf6+ 1-0

[Event "Stuttgarter Stadtmeisterschaft A"]
[Site "Ditzingen"]
[Date "2015.05.15"]
[Round "3.21"]
[White "Sieweck, Philipp"]
[Black "Montigel, Philipp"]
[Result "0-1"]
[WhiteElo "1953"]
[BlackElo "2117"]
[PlyCount "86"]
[EventDate "2015.??.??"]
[WhiteTeam "SG Turm Kiel"]
[BlackTeam "SV Stuttgart-Wolfbusch"]

1. e4 e5 2. Bc4 Nf6 3. d4 exd4 4. Nf3 Nc6 5. O-O Nxe4 6. Re1 d5 7. Bxd5 Qxd5 8.
Nc3 Qh5 9. Nxe4 Be6 10. Bg5 Bb4 11. c3 dxc3 12. bxc3 Ba5 13. Nc5 O-O 14. Nxe6
fxe6 15. Qd2 h6 16. Bf4 Qc5 17. Rac1 Rad8 18. Be3 Qc4 19. Qc2 Qg4 20. h3 Qf5
21. Qb3 b6 22. Re2 Qd5 23. Qa4 b5 24. Qg4 Qf5 25. Qg3 Kh7 26. Bd4 e5 27. Nxe5
Nxd4 28. cxd4 Rxd4 29. Nf3 Qf4 30. Nxd4 Qxc1+ 31. Kh2 Qc4 32. Re7 Qxd4 33. f4
Bb6 34. h4 Rxf4 35. Rxg7+ Qxg7 36. Qxf4 c6 37. Qe4+ Qg6 38. Qe7+ Kg8 39. Qd7 h5
40. g3 Qc2+ 41. Kh3 Qg6 42. Qb7 Qf5+ 43. Kg2 Qf2+ 0-1

[Event "Stuttgarter Stadtmeisterschaft A"]
[Site "Ditzingen"]
[Date "2015.05.15"]
[Round "3.22"]
[White "Schulte, Torsten"]
[Black "Schönhof, Timo"]
[Result "1-0"]
[WhiteElo "2117"]
[BlackElo "1947"]
[PlyCount "83"]
[EventDate "2015.??.??"]
[WhiteTeam "SC Eppingen"]
[BlackTeam "C4 Chess Club"]

1. d4 Nf6 2. c4 e6 3. Nc3 Bb4 4. e3 c5 5. Nge2 O-O 6. a3 Bxc3+ 7. Nxc3 cxd4 8.
exd4 d5 9. c5 Ne4 10. Qc2 Nc6 11. Be3 Nxc3 12. Qxc3 e5 13. O-O-O exd4 14. Bxd4
Bf5 15. Bd3 Nxd4 16. Qxd4 Rc8 17. Kb1 Bxd3+ 18. Rxd3 Qc7 19. Rc1 Rfd8 20. h4
Qd7 21. Rg3 f5 22. Rd1 Qe7 23. Rc3 Qe4+ 24. Ka2 Qxd4 25. Rxd4 Rd7 26. b4 Re8
27. Rcd3 Re2+ 28. Rd2 Rxd2+ 29. Rxd2 Kf7 30. Kb3 Kf6 31. Kc3 h6 32. Kd4 Re7 33.
f3 g5 34. hxg5+ hxg5 35. b5 Re8 36. c6 bxc6 37. bxc6 Rd8 38. Kc5 Ke5 39. c7 Rc8
40. Rxd5+ Ke6 41. Rd6+ Ke7 42. Kc6 1-0